Dějiny náboženství II

Bibliographic Details
Main Author: Kryveljov, I. A. (Author)
Format: Book
Language:Undetermined
PhysicalDescription:408 s.
Published: Praha Mladá fronta 1981

MARC

LEADER 00000nam a2200000 a 4500
001 vtls001277406
003 SK-MaSNL
005 20260301113259.0
008 240313s1981 xx 0 und
035 |a SNK000228671 
040 |a SNK  |b slo  |c SNK  |e AACR2 
100 1 |a Kryveljov, I. A.  |4 aut  |9 455218 
245 1 |a Dějiny náboženství II 
260 |a Praha  |b Mladá fronta  |c 1981 
300 |a 408 s. 
958 |a OND 
999 |c 713541  |d 715471 
952 |t P60, <04>, [BOOK], {604}  |a SNK  |b SNK  |y VYP  |7 0  |p 17A0040185  |o snkIC 86159/2 D1  |0 0  |1 1  |4 0  |d 1997-02-24  |l 0  |r 2005-01-02 00:00:00  |w 2026-02-23 
952 |a SNK  |b SNK  |y VYP  |7 0  |p 17A0565363  |o snkIC 86159/2  |i snkKIP 7102/82  |0 0  |1 0  |4 0  |d 2007-10-18  |l 0  |r 2026-02-23 21:38:43  |w 2026-02-23